| 000 | 00393nam a22001337a 4500 | ||
|---|---|---|---|
| 999 |
_c521678 _d521678 |
||
| 008 | 230222b ||||| |||| 00| 0 eng d | ||
| 100 |
_aBagchi, Amiya Kumar _937401 |
||
| 245 | _aReview essay: Nation-building in post-liberation Bangladesh | ||
| 260 | _aSocial Scientist | ||
| 300 | _a50(5-6), May-Jun, 2022: p.3-18 | ||
| 773 | _aSocial Scientist | ||
| 906 | _aNATIONALISM | ||
| 942 | _cAR | ||